00590nam a2200169Ia 4500008004100000020001500041100002200056245004400078260001600122500002400138650001500162700002700177942000700204952010800211952008400319999001700403230524s9999 xx 000 0 und d a8174465197 aNilanjan Sengupta 0aInternational Human Resource Management bExcel Books aQuantity Number: 2 aManagement aMousumi S.Bhattacharya cBK 00104070aTATCLbTATCLcGENd2023-05-24l1p45890q2018-05-09r2024-02-02s2024-02-02w2023-05-24yBK 00104070aTATCLbTATCLcGENd2023-05-24l0p45891r2023-05-24w2023-05-24yBK c51312d51312